Library mannual : (Record no. 122896)

MARC details
000 -LEADER
fixed length control field 00814nam a22002417a 4500
005 - DATE AND TIME OF LATEST TRANSACTION
control field 20170124105917.0
010 ## - LIBRARY OF CONGRESS CONTROL NUMBER
LC control number A-351763
020 ## - INTERNATIONAL STANDARD BOOK NUMBER
Terms of availability 00.00
035 ## - SYSTEM CONTROL NUMBER
System control number A-351763
037 ## - SOURCE OF ACQUISITION
Source of stock number/acquisition Cen Lib/Ret
040 ## - CATALOGING SOURCE
Original cataloging agency DPL
Language of cataloging EN
082 ## - DEWEY DECIMAL CLASSIFICATION NUMBER
Classification number 025
Item number RAN
100 ## - MAIN ENTRY--PERSONAL NAME
Personal name Ranganathan, S. R.
9 (RLIN) 105155
245 ## - TITLE STATEMENT
Title Library mannual :
Statement of responsibility, etc by S. R. Ranganathan
Remainder of title for library authorities, librarians and library workers /
250 ## - EDITION STATEMENT
Edition statement 2nd ed.
260 ## - PUBLICATION, DISTRIBUTION, ETC. (IMPRINT)
Place of publication, distribution, etc Bangalore
Name of publisher, distributor, etc Sarada Ranganathan Endowment for Library Science
Date of publication, distribution, etc 1988
270 ## - ADDRESS
City Bangalore
Address 432, 10th Cross, 18th Main Road, J. P. Nagar
Postal code 560078
300 ## - PHYSICAL DESCRIPTION
Extent 414p.
Dimensions 22cm(Hb)
500 ## - GENERAL NOTE
General note Includes bibliographical references and index
650 ## - SUBJECT ADDED ENTRY--TOPICAL TERM
Topical term or geographic name as entry element Library Science
9 (RLIN) 105156
650 ## - SUBJECT ADDED ENTRY--TOPICAL TERM
Topical term or geographic name as entry element Laws-Library science
9 (RLIN) 105157
942 ## - ADDED ENTRY ELEMENTS (KOHA)
Source of classification or shelving scheme Dewey Decimal Classification
Koha item type English Books
Classification part 025
Call number suffix RAN
Holdings
Withdrawn status Lost status Damaged status Not for loan Collection code Home library Current library Date acquired Source of acquisition Cost, normal purchase price Total Checkouts Full call number Barcode Date last seen Copy number Cost, replacement price Price effective from Koha item type
      Not For Loan Reference Central Library Central Library 30/05/2015 Cen Lib/Ret 0.00   025 RAN A-351763 30/05/2015 1 0.00 30/05/2015 English Books

© Delhi Public Library
Hit Counter
free hit counter